[Event "Greifswald Ryck op"]
[Site "Greifswald"]
[Date "2002.08.23"]
[Round "3"]
[White "Stieber, Sebastian"]
[Black "Gloeckner, Jan"]
[Result "1/2-1/2"]
[WhiteElo "1256"]
[BlackElo "1093"]
[PlyCount "71"]
[EventDate "2002.08.??"]
[EventType "swiss"]
[EventRounds "7"]
[EventCountry "GER"]
[SourceTitle "EXT 2005"]
[Source "ChessBase"]
[SourceDate "2004.11.15"]
[SourceVersion "1"]
[SourceVersionDate "2004.11.15"]
[SourceQuality "1"]

1. e4 c5 2. Nf3 e6 3. c3 d5 4. exd5 exd5 5. d4 c4 6. b3 b5 7. b4 Nf6 8. a4 Bd7 9. Ne5 a6 10. Nxd7 Nbxd7 11. Bg5 Be7 12. axb5 axb5 13. Nd2 Ne4 14. Nxe4 Rxa1 15. Qxa1 Bxg5 16. Nd6+ Ke7 17. Nxb5 Re8 18. Be2 Kf8 19. Qa2 Nf6 20. 0-0 Qd7 21. Na3 Ne4 22. Nb1 Qe7 23. Bf3 Qe6 24. Re1 Nxc3 25. Rxe6 Nxa2 26. Rxe8+ Kxe8 27. Bxd5 c3 28. Be4 Kd7 29. Kf1 Bf6 30. d5 Nxb4 31. Na3 Kd6 32. Ke2 Nxd5 33. Bxd5 Kxd5 34. Kd3 Kc5 35. Nc2 g5 36. g4 1/2-1/2